| 000 | 00363nam a2200145 i 4500 | ||
|---|---|---|---|
| 001 | bg | ||
| 100 | 1 | _aŁYPACEWICZ, Stanisław | |
| 245 | 0 |
_aKształtowanie stosunków międzyludzkich / _cStanisław Łypacewicz. |
|
| 250 | _aWyd.3. | ||
| 260 |
_aWarszawa, _c1975. |
||
| 040 | _cBPK | ||
| 041 | _apol | ||
| 942 | _cKS | ||
| 008 | s pl f |000 0 pol | ||
| 999 |
_c26786 _d26786 |
||
| 856 |
_uhttp://koha.tu.koszalin.pl/cgi-bin/koha/opac-detail.pl?biblionumber=26786 _yKatalog online BPK |
||